| 000 | 00393nam a22001457a 4500 | ||
|---|---|---|---|
| 020 | _a9789350141465 | ||
| 082 | _a621.3 SHA | ||
| 100 | _aSharma Sanjay | ||
| 245 | _aQuestion bank in electronics and communication engineering | ||
| 260 |
_aNew Delhi _bS.K.Kataria & Sons _c2011 |
||
| 300 |
_a993 _bP.B |
||
| 650 | _aElectronic Communication | ||
| 700 | _aSanjay Sharma | ||
| 942 | _cBK | ||
| 999 |
_c490593 _d490593 |
||